La riqueza escondida de las naciones : (Registro nro. 3810)

Detalles MARC
000 -LEADER
fixed length control field 01299nam a2200265Ia 4500
003 - CONTROL NUMBER IDENTIFIER
control field OSt
005 - DATE AND TIME OF LATEST TRANSACTION
control field 20200529122538.0
008 - FIXED-LENGTH DATA ELEMENTS--GENERAL INFORMATION
fixed length control field 191128t2015 ag ad fr 000 0 spa d
020 ## - INTERNATIONAL STANDARD BOOK NUMBER
International Standard Book Number 9789876295413
040 ## - CATALOGING SOURCE
Original cataloging agency CO-JMCR
Transcribing agency CO-JMCR
041 0# - LANGUAGE CODE
Language code of text/sound track or separate title spa
082 04 - DEWEY DECIMAL CLASSIFICATION NUMBER
Classification number 330 /
Item number Z943r
Edition number 23
100 1# - MAIN ENTRY--PERSONAL NAME
Personal name Zucman, Gabriel,
Relator term autor
9 (RLIN) 4845
245 30 - TITLE STATEMENT
Title La riqueza escondida de las naciones :
Remainder of title cómo funcionan los paraísos fiscales y qué hacer con ellos /
Statement of responsibility, etc. Gabriel Zucman ; traducción de Alejandrina Falcón
260 ## - PUBLICATION, DISTRIBUTION, ETC.
Place of publication, distribution, etc. Buenos Aires :
Name of publisher, distributor, etc. Siglo Veintiuno,
Date of publication, distribution, etc. ©2015
300 ## - PHYSICAL DESCRIPTION
Extent 141 páginas :
Other physical details gráficos a blanco y negro ;
Dimensions 21 cm.
490 0# - SERIES STATEMENT
Series statement Sociología y política
504 ## - BIBLIOGRAPHY, ETC. NOTE
Bibliography, etc. note Bibliografía: páginas 139-141
505 0# - FORMATTED CONTENTS NOTE
Formatted contents note Actuar contra los paraísos fiscales -- Un siglo de finanzas offshore -- La riqueza faltante de las naciones -- Los errores que deben evitarse -- ¿Qué hacer? Un nuevo enfoque
520 ## - SUMMARY, ETC.
Summary, etc. Los paraísos fiscales están en el centro de la crisis global, pero nadie se atreve a hacerles frente. Para algunos, la batalla está perdida de antemano. Desde Ginebra hasta Singapur, desde Hong Kong hasta Panamá, los centros offshore.
650 14 - SUBJECT ADDED ENTRY--TOPICAL TERM
Topical term or geographic name entry element Economía
9 (RLIN) 4846
650 14 - SUBJECT ADDED ENTRY--TOPICAL TERM
Topical term or geographic name entry element Finanzas
9 (RLIN) 4847
700 1# - ADDED ENTRY--PERSONAL NAME
Personal name Alejandrina Falcón,
Relator term traductora
9 (RLIN) 4848
942 ## - ADDED ENTRY ELEMENTS (KOHA)
Source of classification or shelving scheme Dewey Decimal Classification
Koha item type Books
Existencias
Withdrawn status Lost status Source of classification or shelving scheme Damaged status Not for loan Collection code Home library Current library Date acquired Source of acquisition Cost, normal purchase price Total Checkouts Full call number Barcode Date last seen Copy number Koha item type
    Dewey Decimal Classification     Non-fiction Biblioteca Pública José María del Castillo y Rada Biblioteca Pública José María del Castillo y Rada 05/28/2018 Donación 0.00   330 / Z943r 201808277 05/16/2024 Ej.1 Books